| 000 | 00567cam a22001811 4500 | ||
|---|---|---|---|
| 020 | _a0408002263 | ||
| 082 |
_a691.004 _bPLA _cL-14, P-118 |
||
| 100 |
_aMills, Edward D. _945497 |
||
| 245 | 0 | 0 |
_aPlanning : _bbuildings for habitation, commerce and industry / _cedited by Edward D. Mills. |
| 250 | _a9th ed. | ||
| 260 |
_aLondon : _aBoston : _bNewnes-Butterworths, _c1976. |
||
| 300 |
_avarious pages : _bill. ; |
||
| 526 |
_a0 _b0 _c0 _d691_004000000000000_PLA |
||
| 650 | 0 | _aBuilding | |
| 650 | 0 |
_aMCE _9379 |
|
| 700 | 1 |
_aMills, Edward David. _945498 |
|
| 942 |
_2ddc _cBK |
||
| 999 |
_c549004 _d549004 |
||